000
00305nam a22001337a 4500
008
170220b xxu||||| |||| 00| 0 eng d
020
_a
0070262667
041
_a
eng
080
_2
9ED
_a
615
100
_a
5
101
_a
SHF
245
_a
PHARMACOLOGY BASIC OF THERAPEUTICS
_c
J.G HARDMAN
942
_2
udc
_c
BK
999
_c
5835
_d
5835